Introducción a las matemáticas / (Registro nro. 11432)

Detalles MARC
000 -LIDER
fixed length control field 00882nam a22002657a 4500
001 - NÚMERO DE CONTROL
Identificador de número de control 000510
003 - IDENTIFICACDOR DE NÚMERO DE CONTROL
control field DO-SdBNP
005 - DATE AND TIME OF LATEST TRANSACTION
control field 20171110085036.0
007 - CAMPOS FIJOS DE DESCRIPCIÓN FÍSICA
fixed length control field 000510
008 - ELEMENTOS DE LONGITUD FIJA
fixed length control field 160916b 1975 mx a ||||| |||| 00| 0 spa d
040 ## - FUENTE DE CATALOGACIÓN
Agencia que crea de manera original el registro BPMSU
Idioma de catalogación spa
Agencia que realiza la transcripción BPMSU
082 ## - NÚMERO DE CLASIFICACIÓN DECIMAL DE DEWEY
Classification number 510
Item number T944i
100 1# - ASIENTO PRINCIPAL -- NOMBRE PERSONAL
Nombre personal Turner, V. Dean
240 10 - TITULO UNIFORME
Título uniforme Introduction to mathematics.
Idioma de una obra Español.
245 10 - MENCIÓN DE TITULO
Título Introducción a las matemáticas /
Mención de responsabilidad V. Dean Turner, Howard L. Prouse ; traducción, Agustín Contin
260 ## - PUBLICACIÓN, DISTRIBUCIÓN, ETC. (PIE DE IMPRENTA)
Lugar de publicación, distribución, etc México, D.F. :
Nombre del editor, distribuidor, etc. Trillas,
Fecha de publicación, distribución, etc 1975
Fecha de impresión (reimpresión, 1978)
300 ## - DESCRIPCIÓN FÍSICA
Extensión 326 p. :
Otros detalles físicos il. ;
Dimensiones 24cm.
500 ## - NOTA GENERAL
Nota general Incluye índice.
500 ## - NOTA GENERAL
Nota general Primera reimpresión, agosto 1978.
700 12 - ASIENTO SECUNDARIO -- NOMBRE PERSONAL
Nombre personal Prouse, Howard L.
910 ## - VALIDACIÓN
Validación Validado. Control de calidad MFF
942 ## - ADDED ENTRY ELEMENTS (KOHA)
Source of classification or shelving scheme Dewey Decimal Classification
Koha item type Libros
945 ## - INFORMACIÓN DE PROCESAMIENTO LOCAL
Información de procesamiento local Invetariado extranjero / 2017 VM
956 ## - LOCAL ELECTRONIC LOCATION AND ACCESS (OCLC)
Método de acceso LOPEREZ
Materiales especificados 10
Enlace 20160916
Campo enlazado y núm. de secuencia BPMSU
Nombre de host 00041
Existencias
Withdrawn status Lost status Source of classification or shelving scheme Damaged status Not for loan Collection code Home library Current library Date acquired Source of acquisition Total Checkouts Full call number Barcode Date last seen Price effective from Koha item type
    Dewey Decimal Classification     Colección General Biblioteca Pública Metropolitana Salomé Ureña Biblioteca Pública Metropolitana Salomé Ureña 09/16/2016 Donado Fundación Economía y Desarrollo   510 T944i BPMSU16090382 09/16/2016 09/16/2016 Libros